| 000 | 00900nam a2200253 a 4500 | ||
|---|---|---|---|
| 001 | 1927220 | ||
| 003 | AM-YEHGA | ||
| 005 | 20250617164732.0 | ||
| 008 | 231025s1989 rb ||||gr|||||||||0|srp|d | ||
| 020 | _a868127726X | ||
| 040 | _aAM-YeHGA | ||
| 041 | 0 | _asrp | |
| 100 | 0 |
_aНикодим _cМилаш, Николай Трифонович _cеп. Далматинский |
|
| 245 | 1 | 0 |
_aПравославна Далмациjа : _bИсторијски преглед / _cЕпископ Никодим Милаш ; Предговор Предраг Драгиић-Кијyк. |
| 260 |
_aБеoград : _bСфаирос, _c1989. |
||
| 300 | _a574 p. | ||
| 440 | 0 |
_aПовесна сфера _v1 |
|
| 504 | _aBibliogr.: p. 573-574 | ||
| 650 | 1 | 4 | _aOrthodoxy |
| 650 | 1 | 4 |
_aSerbian orthodox church _zDalmatia (Croatia) |
| 651 | 4 | _aDalmatia (Croatia) | |
| 942 |
_2udc _cBK |
||
| 090 | _c567170 | ||
| 999 |
_c528865 _d528865 |
||